ბათუმის შოთა რუსთაველის სახელმწიფო უნივერსიტეტის ბიბლიოთეკა

Alter Ego Methode de Francais B1 : (ბიბ.ჩანაწერი № 51299)

000 -LEADER
fixed length control field 00825nam a2200277Ia 4500
001 - CONTROL NUMBER
control field 18268
003 - CONTROL NUMBER IDENTIFIER
control field GE_BSU
005 - DATE AND TIME OF LATEST TRANSACTION
control field 20230313102833.0
008 - FIXED-LENGTH DATA ELEMENTS--GENERAL INFORMATION
fixed length control field 181216s2013||||fr |||||||||||||| ||fre||
020 ## - INTERNATIONAL STANDARD BOOK NUMBER
International Standard Book Number 9782011558152
040 ## - CATALOGING SOURCE
Transcribing agency GE_BSU
080 ## - UNIVERSAL DECIMAL CLASSIFICATION NUMBER
Universal Decimal Classification number 811.133.1P-82
100 ## - MAIN ENTRY--PERSONAL NAME
Personal name Pons, Sylvie
9 (RLIN) 6564
245 ## - TITLE STATEMENT
Title Alter Ego Methode de Francais B1 :
Remainder of title Cahier d'activites /
Statement of responsibility, etc. Sylvie Pons, Pascale Trevisiol, A. Veillon Leroux.
264 ## - PRODUCTION, PUBLICATION, DISTRIBUTION, MANUFACTURE, AND COPYRIGHT NOTICE
Place of production, publication, distribution, manufacture Paris :
Name of producer, publisher, distributor, manufacturer Hachette,
Date of production, publication, distribution, manufacture, or copyright notice 2013.
300 ## - PHYSICAL DESCRIPTION
Extent 112 p. :
Other physical details ill ;
Dimensions 29cm.
300 ## - PHYSICAL DESCRIPTION
Accompanying material +1CD
653 ## - INDEX TERM--UNCONTROLLED
keyword Alter Ego
653 ## - INDEX TERM--UNCONTROLLED
keyword Methode de Francais
653 ## - INDEX TERM--UNCONTROLLED
keyword გრამატიკა
653 ## - INDEX TERM--UNCONTROLLED
keyword ფრანგული ენა
700 ## - ADDED ENTRY--PERSONAL NAME
Personal name Trevisiol, Pascale
Relator term by
9 (RLIN) 6560
700 ## - ADDED ENTRY--PERSONAL NAME
Personal name Veillon Leroux, A.
Relator term by
9 (RLIN) 17177
942 ## - ADDED ENTRY ELEMENTS (KOHA)
Koha item type წიგნი
Source of classification or shelving scheme
ეგზემპლარები
Withdrawn status Lost status Source of classification or shelving scheme Damaged status Not for loan Permanent Location Current Location Shelving location Date acquired Cost, normal purchase price Full call number Barcode Date last seen Copy number Price effective from Koha item type Public note
          ბათუმის შოთა რუსთაველის სახელმწიფო უნივერსიტეტის მთავარი ბიბლიოთეკა ბათუმის შოთა რუსთაველის სახელმწიფო უნივერსიტეტის მთავარი ბიბლიოთეკა წიგნსაცავი 2018-12-17 48.45 811.133.1P-82 46522 2018-12-17 46522 2018-12-17 წიგნი 48.45 GEL.
          ბათუმის შოთა რუსთაველის სახელმწიფო უნივერსიტეტის მთავარი ბიბლიოთეკა ბათუმის შოთა რუსთაველის სახელმწიფო უნივერსიტეტის მთავარი ბიბლიოთეკა წიგნსაცავი 2018-12-17 53.50 811.133.1P-82 57578 2018-12-17 57578 2018-12-17 წიგნი 53.50 GEL.
          ბათუმის შოთა რუსთაველის სახელმწიფო უნივერსიტეტის მთავარი ბიბლიოთეკა ბათუმის შოთა რუსთაველის სახელმწიფო უნივერსიტეტის მთავარი ბიბლიოთეკა წიგნსაცავი 2018-12-17 53.50 811.133.1P-82 57579 2018-12-17 57579 2018-12-17 წიგნი 53.50 GEL.